000 00503nam a2200181Ia 4500
003 GCL
008 140319s9999 xx 000 0 ara d
040 _aGCL /
_cGCL
082 0 4 _a273.2901
_bد م
100 1 _aداهش
245 1 0 _aمذكرات يسوع الناصرى /
_cداهش
260 _a[S.N] :
_bالدار الداهشية للنشر ،
_c1991
300 _a150 ص
490 _aتراث داهش
_v0
650 0 4 _aالعهد الجديد
650 0 4 _aالمسيح
942 _2ddc
_cBK
999 _c34709
_d34709